Music Quiz

Random Music Quiz

Kars 4 Kids Commercial Lyrics Quiz Stats

Quiz not verified by Sporcle

Challenge
Share
Tweet
Embed
Score 0/20 Timer 02:00
0 Plays Today
% Correct
Donate your car today!
75%
1-877-KARS4KIDS
75%
Kars 4 Kids
67.9%
1-877-KARS4KIDS
67.9%
K-A-R-S
67.9%
1-877-KARS4KIDS
64.3%
K-A-R-S
60.7%
Kars 4 Kids
60.7%
Donate your car today!
60.7%
1-877-KARS4KIDS
60.7%
% Correct
Kars 4 Kids
60.7%
1-877-KARS4KIDS
60.7%
Donate your car today!
60.7%
1-877-KARS4KIDS
57.1%
K-A-R-S
57.1%
We're a recognized 501c(3) charity,
53.6%
and what's more, you'll receive a free vacation voucher of three days and two nights!
53.6%
so you'll receive a maximum tax deduction,
42.9%
Also on the web at Kars4Kids.com
35.7%
That's Kars with a K!
35.7%

You're not logged in!

Compare scores with friends on all Sporcle quizzes.
Join for Free
OR
Log In

You Might Also Like...

Show Comments

Extras

Top Quizzes Today


Score Distribution

Your Account Isn't Verified!

In order to create a playlist on Sporcle, you need to verify the email address you used during registration. Go to your Sporcle Settings to finish the process.

Report this User

Report this user for behavior that violates our Community Guidelines.

Details: